| 000 | 00775nam a22002537a 4500 | ||
|---|---|---|---|
| 001 | 28673 | ||
| 003 | UA-OsUOA | ||
| 005 | 20201121203650.0 | ||
| 007 | ta | ||
| 008 | 20050415b un ||||| |||| 00| 0 ukr d | ||
| 040 |
_aUA-OsUOA _bukr _cUA-OsUOA _dUA-OsUOA |
||
| 041 | _aukr | ||
| 044 | _aUA | ||
| 080 | _a94(477)152 | ||
| 090 |
_a94(477)152 _bБ32 |
||
| 100 | _aБачинський Ю. | ||
| 245 | _aУкраїнська еміграція в Сполучених Штатах Америки | ||
| 260 |
_aК. _bІнтел _c1995 |
||
| 300 |
_a340 с. _bІлюстрації |
||
| 650 | 7 |
_a9 Географія. Біографії. Історія _2UDC |
|
| 942 |
_cBK _2udc |
||
| 955 | _a2 | ||
| 999 |
_c315043 _d315043 |
||